00599nam a2200157 a 450000500170000000800410001702000180005805000230007605000180009910000180011724500960013526000530023130000230028465000640030765000700037120140412111329.0021209s19uu xx 00 eng d a0-698-11612-7 aTR(PS EbCo73 1994 aERbCo73 1994 aCooper, Floyd aComing home :cwritten and illustrated by Floyd Cooper.bfrom the life of Langston Hughes / aNew York :bThe Putnam and Grosset Group,c1994. a1 v. (unp.) ; ill. aHughes, Langston, 1902-1967xBiographyxJuvenile literature aAfro-American poets--20th centuryxBiographyxJuvenile literature